Introductory economics / (Record no. 123546)

MARC details
000 -LEADER
fixed length control field 00610nam a22002297a 4500
005 - DATE AND TIME OF LATEST TRANSACTION
control field 20170124105927.0
010 ## - LIBRARY OF CONGRESS CONTROL NUMBER
LC control number A-463762
020 ## - INTERNATIONAL STANDARD BOOK NUMBER
Terms of availability 00.00
035 #h - SYSTEM CONTROL NUMBER
System control number A-463762
037 ## - SOURCE OF ACQUISITION
Source of stock number/acquisition Cen Lib/Ret
040 ## - CATALOGING SOURCE
Original cataloging agency DPL
Language of cataloging EN
082 ## - DEWEY DECIMAL CLASSIFICATION NUMBER
Classification number 330
Item number BAS
100 ## - MAIN ENTRY--PERSONAL NAME
Personal name Basanta Kumar
9 (RLIN) 6790
245 ## - TITLE STATEMENT
Title Introductory economics /
Statement of responsibility, etc by Basanta Kumar
246 ## - VARYING FORM OF TITLE
Remainder of title
260 ## - PUBLICATION, DISTRIBUTION, ETC. (IMPRINT)
Name of publisher, distributor, etc Kitab Mahal
Date of publication, distribution, etc 1991
Place of publication, distribution, etc Allahabad
270 ## - ADDRESS
City Allahabad
Address 15, thornhill road
300 ## - PHYSICAL DESCRIPTION
Extent 185p. ;
Dimensions 21cm(Hb)
Other physical details ill.
650 ## - SUBJECT ADDED ENTRY--TOPICAL TERM
Topical term or geographic name as entry element Economics
9 (RLIN) 72157
650 ## - SUBJECT ADDED ENTRY--TOPICAL TERM
Topical term or geographic name as entry element Basic concepts
9 (RLIN) 6792
942 ## - ADDED ENTRY ELEMENTS (KOHA)
Source of classification or shelving scheme Dewey Decimal Classification
Koha item type English Books
Classification part 330
Call number suffix BAS
Holdings
Withdrawn status Lost status Damaged status Not for loan Home library Current library Date acquired Source of acquisition Cost, normal purchase price Total Checkouts Total Renewals Full call number Barcode Date last seen Date checked out Copy number Cost, replacement price Price effective from Koha item type
        Central Library Central Library 08/06/2015 Cen Lib/Ret 0.00 3 1 330 BAS A-463762 21/07/2018 06/07/2018 1 0.00 08/06/2015 English Books

© Delhi Public Library
Hit Counter
free hit counter